Countries Starting With B - Statistics

General Stats
  • This quiz has been taken 21 times
  • The average score is 13 of 17
Answer Stats
Country % Correct
Bahrain
87%
Belgium
87%
Benin
87%
Bolivia
87%
Brazil
87%
Barbados
80%
Belarus
80%
Brunei
80%
Bulgaria
80%
Bahamas
73%
Bhutan
73%
Burundi
73%
Bangladesh
67%
Belize
67%
Botswana
67%
Burkina Faso
67%
Bosnia and Herzegovina
60%
No matching quizzes found
Score Distribution
Percent of People with Each Score
Percentile by Number Answered
Your Score History
You have not taken this quiz